LEADER 02023nam a2200397 u 4500 001 000000076223 003 CaOOAMICUS 005 20070226123204.0 008 031114m19992003fr u000 u fre u 020 $a2204022292 (v. 1) 020 $a2204022306 (v. 2) 020 $a2204022314 (v. 3) 020 $a2204022322 (v. 4) 035 $a10976207 040 $aPUL(R)$bita 041 1 $afre$hlat 100 0 $aThomas Aquinas,$cs.,$dc. 1225-1274.$0(OLS)http://pul/name/3373 240 10$aSumma theologiae$9(Thomas Aquinas, s., c. 1225-1274).$lFrancese.$0(OLS)http://pul/title/99978 245 10$aSomme théologique /$cThomas D'Aquin. 260 $aParis :$bCerf,$c1999-2003. 300 $a4 v. ;$c24 cm 504 $aBibliografia in nota. 505 0 $a1 T. Introductions Générales -- 2 T. I-II Première section de la deuxieme partie -- 3 T. II-II Second volume de la deuxième partie -- 4 T. III Troisième partie. 850 $aPUL 852 $aPUL$W1$xSL Religione 1$y3$m76 F 22.1-4$j97948$nBK-PRI$b $qStampati$B97948$CPULBib$Z2$F97948 $H92655 $81 852 $aPUL$W1$xSL Religione 1$y3$m76 F 22.1-4$j97948$nBK-PRI$b $qStampati$B97949$CPULBib$Z2$F97949 $H92655 $81 852 $aPUL$W1$xSL Religione 1$y3$m76 F 22.1-4$j97948$nBK-PRI$b $qStampati$B97950$CPULBib$Z2$F97950 $H92655 $81 852 $aPUL$W1$xSL Religione 1$y3$m76 F 22.1-4$j97948$nBK-PRI$b $qStampati$B97951$CPULBib$Z2$F97951 $H92655 $81 900 $aTommaso d'Aquino,$cs.,$dc.1225-1274$93373 941 1 $a8 996 $6020$a2204022292 (v. 1)$9(OLS)http://pul/number/99860 996 $6020$a2204022306 (v. 2)$9(OLS)http://pul/number/99861 996 $6020$a2204022314 (v. 3)$9(OLS)http://pul/number/99862 996 $6020$a2204022322 (v. 4)$9(OLS)http://pul/number/99863 996 $6245$aSomme théologique$9(OLS)http://pul/title/99979 996 $6260$aParis :$bCerf$9(OLS)http://pul/publisher/48238 LEADER 01856nam a2200385 u 4500 001 000000014754 003 CaOOAMICUS 005 20070226105812.0 008 940517s1992 it f u000 u ita u 020 $a880204175X (v. 1) 020 $a8802041768 (v. 2) 035 $a10346720 040 $aPUL(R)$bita 100 0 $aPlato,$d427-347 a.C.$0(OLS)http://pul/name/250 245 10$aDialoghi politici :$bLettere di Platone /$ca cura di Francesco Adorno. 250 $a3. ed. 260 $aTorino :$bUnione Tipografico-Editrice Torinese,$c1992. 300 $a2 v. :$btav. ;$c24 cm 490 1 $aClassici della filosofia (Unione tipografico-editrice torinese) 500 $aIn appendice al vol. II testi di: Al F?rabi, Averroè, Uberto e Pier Candido Decembrio, Antonio Cassarino, Giorgio da Trebisonda, Marsilio Ficino, Panfilo Fiorimbene, Giorgio Bartoli. 504 $aBibliografia: p. [107]-253. 505 0 $av. 1. Repubblica, Timeo, Crizia, Politico. -- v. 2. Leggi, Epinomide, Minosse, Clitofonte, Menesseno, Lettere 700 1 $aAdorno, Francesco.$0(OLS)http://pul/name/7726 830 0$aClassici della filosofia (UTET).$0(OLS)http://pul/title/8314 850 $aPUL 852 $aPUL$W1$xSL Filosofia 1$y2$m87 L-M$j20679$nBK-PRI$b $qStampati$B20679$CPULBib$Z2$F20679 $81 852 $aPUL$W1$xSL Filosofia 1$y2$m87 L-M$j20679$nBK-PRI$b $qStampati$B20680$CPULBib$Z2$F20680 $81 900 $aPlatone,$d427-347 a.C.$9250 941 1 $a8 961 $aINV: 68787-69585 961 $aINV: 68787-69585 996 $6020$a880204175X (v. 1)$9(OLS)http://pul/number/18744 996 $6020$a8802041768 (v. 2)$9(OLS)http://pul/number/18745 996 $6245$aDialoghi politici :$bLettere di Platone$9(OLS)http://pul/title/21176 996 $6260$aTorino :$bUnione Tipografico-Editrice Torinese$9(OLS)http://pul/publisher/48798